| 000 | 00000nam 2200000zi 4500 |
| 001 | 9.936903 |
| 003 | CaOODSP |
| 005 | 20240627131426 |
| 006 | m o d f |
| 007 | cr |n||||||||| |
| 008 | 240415e198603##qucda ob f|0| 0 fre d |
| 040 | |aCaOODSP|bfre|erda|cCaOODSP |
| 043 | |an-cn--- |
| 086 | 1 |aEn154-397/1986F-PDF |
| 245 | 00|aÉtude d'assainissement des eaux usées industrielles dans le corridor du fleuve St-Laurent / |cpar SNC pour Environnement Canada. |
| 264 | 1|aMontréal (Québec) : |bEnvironnement Canada = Environment Canada, |cmars 1986. |
| 300 | |a1 ressource en ligne (4 volumes) : |bgraphiques, illustrations |
| 336 | |atexte|btxt|2rdacontent/fre |
| 337 | |ainformatique|bc|2rdamedia/fre |
| 338 | |aressource en ligne|bcr|2rdacarrier/fre |
| 500 | |aÉdition numérisée de l’imprimé [par Environnement et changement climatique Canada]. |
| 504 | |aComprend des références bibliographiques. |
| 505 | 0 |aT.1. Généralité. -- T.2. Description des usines. -- T.3. Assainissement. -- T.4. Aspects économiques. |
| 650 | 0|aSewage|xPurification|zSaint Lawrence River|xAnalysis. |
| 650 | 0|aSewage|xEnvironmental aspects|zSaint Lawrence River. |
| 650 | 6|aEaux usées|xAspect de l'environnement|zSaint-Laurent (Fleuve) |
| 650 | 6|aEaux usées|xÉpuration|zSaint-Laurent (Fleuve)|xAnalyse. |
| 710 | 1 |aCanada. |bEnvironnement Canada, |eorganisme de publication. |
| 710 | 1 |aGroupe SNC, |econsultant. |
| 856 | 40|qPDF|s322 Ko|uhttps://publications.gc.ca/collections/collection_2024/eccc/en154/En154-397-1986-1-fra.pdf|zVolume 1 |
| 856 | 40|qPDF|s2.78 Mo|uhttps://publications.gc.ca/collections/collection_2024/eccc/en154/En154-397-1986-2-fra.pdf|zVolume 2 |
| 856 | 40|qPDF|s2.61 Mo|uhttps://publications.gc.ca/collections/collection_2024/eccc/en154/En154-397-1986-3-fra.pdf|zVolume 3 |
| 856 | 40|qPDF|s1.18 Mo|uhttps://publications.gc.ca/collections/collection_2024/eccc/en154/En154-397-1986-4-fra.pdf|zVolume 4 |